Vista normal
Vista MARC
Entrada Topical Term
Número de registros utilizados en: 1
001 - CONTROL NUMBER
- control field: 10628
003 - CONTROL NUMBER IDENTIFIER
- control field: OSt
005 - DATE AND TIME OF LATEST TRANSACTION
- control field: 20200922123354.0
008 - FIXED-LENGTH DATA ELEMENTS
- fixed length control field: 200922|| aca||aabn | a|a d
040 ## - CATALOGING SOURCE
- Original cataloging agency: OSt
- Transcribing agency: OSt
150 ## - HEADING--TOPICAL TERM
- Topical term or geographic name entry element: Habla
- General subdivision: Investigaciones
- Geographic subdivision: Bogotá (Colombia)
670 ## - SOURCE DATA FOUND
- Source citation: Work cat.: (OSt)4135: Otálora de Fernández, Hilda Inés. autora 10627, El habla de la ciudad de bogotá : , 1990.